000
00265nam a22001217a 4500
020
_a
0-340-15101-3
082
_a
808.3 CHA'E
100
_a
CHARTERIS, LESLIE
_9
79275
245
_a
ENTER THE SAINT
260
_a
LONDON
_b
HODDER
_c
1971
300
_a
190P
942
_c
BK
999
_c
584327
_d
584327